Central Library OPAC University of Rajshahi

Administrative behavior : (Record no. 15746)

MARC details
000 -LEADER
fixed length control field 00835nam a2200253 a 4500
001 - CONTROL NUMBER
control field 15746
003 - CONTROL NUMBER IDENTIFIER
rucl marc code BD-RjUL
005 - DATE AND TIME OF LATEST TRANSACTION
control field 20211208235858.0
008 - FIXED-LENGTH DATA ELEMENTS--GENERAL INFORMATION
fixed length control field 140210r19631957nyu 001 0 eng
035 ## - SYSTEM CONTROL NUMBER
System control number (BD-RjUL)15801
040 ## - CATALOGING SOURCE
Original cataloging agency DLC
Transcribing agency DLC
Modifying agency BD-RjUL
Language of cataloging eng
041 ## - LANGUAGE CODE
Language code of text/sound track or separate title eng
082 00 - DEWEY DECIMAL CLASSIFICATION NUMBER
Classification number 658.3
Author mark and year SIA 1963
Edition number 23
100 1# - MAIN ENTRY--PERSONAL NAME
Personal name Simon, Herbert A.
Fuller form of name (Herbert Alexander),
Dates associated with a name 1916-2001.
9 (RLIN) 16103
245 10 - TITLE STATEMENT
Title Administrative behavior :
Remainder of title a study of decision-making processes in administrative organization /
Statement of responsibility, etc. With a foreword by Chester I. Barnard.
250 ## - EDITION STATEMENT
Edition statement 2d ed., with new introd.
260 ## - PUBLICATION, DISTRIBUTION, ETC. (IMPRINT)
Place of publication, distribution, etc. New York :
Name of publisher, distributor, etc. Macmillan,
Date of publication, distribution, etc. c1957 [Printing 1963,1965, 1967].
300 ## - PHYSICAL DESCRIPTION
Pagination xlviii, 259 p. ;
Size 22 cm.
500 ## - GENERAL NOTE
General note Includes index.
650 #0 - SUBJECT ADDED ENTRY--TOPICAL TERM
Topical term or geographic name as entry element Management.
9 (RLIN) 48854
942 ## - ADDED ENTRY ELEMENTS (KOHA)
Source of classification or shelving scheme Dewey Decimal Classification
Koha item type Books
Holdings
Lost status Source of classification or shelving scheme Damaged status Not for loan Collection code Permanent Location Current Location Shelving location Date acquired Source of acquisition Total Checkouts Full call number Date last seen Copy number Koha item type
  Dewey Decimal Classification     Non-fiction Central Library, University of Rajshahi Central Library, University of Rajshahi   15/12/1965 Zeitlinger   658.3 SIA 1963 10/02/2014 C-3 Books
  Dewey Decimal Classification     Non-fiction Central Library, University of Rajshahi Central Library, University of Rajshahi   12/01/1974 U.S.GOVT Gift   658.3 SIA 1965 11/02/2014 C-13 Books
  Dewey Decimal Classification       Central Library, University of Rajshahi Central Library, University of Rajshahi   19/05/2014     658.3 SIA 1965 19/05/2014 C-10 Books
  Dewey Decimal Classification   Not For Loan Non-fiction Central Library, University of Rajshahi Central Library, University of Rajshahi Reading Room 18/01/1975 M. Obidul Huq   658.3 SIA 1967 02/07/2019 C-1 Books
  Dewey Decimal Classification       Central Library, University of Rajshahi Central Library, University of Rajshahi   02/07/2019     658.3 SIA 1963 02/07/2019 C-2 Books
  Dewey Decimal Classification       Central Library, University of Rajshahi Central Library, University of Rajshahi   02/07/2019     658.3 SIA 1963 02/07/2019 C-4 Books
  Dewey Decimal Classification       Central Library, University of Rajshahi Central Library, University of Rajshahi   02/07/2019     658.3 SIA 1963 02/07/2019 C-5 Books
  Dewey Decimal Classification       Central Library, University of Rajshahi Central Library, University of Rajshahi   02/07/2019     658.3 SIA 1957 02/07/2019 C-6 Books
  Dewey Decimal Classification     Non-fiction Central Library, University of Rajshahi Central Library, University of Rajshahi   12/01/1974 U.S. Govt.   658.3 SIA 1963 06/07/2019 C-7 Books